Toxiclogía general / (Registro nro. 118464)
[ vista simple ]
| 000 -LEADER | |
|---|---|
| campo de control de longitud fija | 00668nam a2200193 4500 |
| 001 - NÚMERO DE CONTROL | |
| campo de control | 118464 |
| 003 - IDENTIFICADOR DE NÚMERO DE CONTROL | |
| campo de control | ES-MaACL |
| 005 - FECHA Y HORA DE LA ÚLTIMA TRANSACCIÓN | |
| campo de control | 20230906191114.0 |
| 007 - CAMPO FIJO DE DESCRIPCIÓN FÍSICA--INFORMACIÓN GENERAL | |
| campo de control de longitud fija | t| |
| 008 - DATOS DE LONGITUD FIJA--INFORMACIÓN GENERAL | |
| campo de control de longitud fija | 070214s1942 sp r ||||1| spa d |
| 100 1# - ENTRADA PRINCIPAL--NOMBRE DE PERSONA | |
| Nombre de persona | Pérez Argilés, Valentín. |
| 9 (RLIN) | 90642 |
| 245 10 - MENCIÓN DEL TÍTULO | |
| Título | Toxiclogía general / |
| Mención de responsabilidad, etc. | Valentín Pérez Argilés con la colaboración de José Mª Bastero Beguiristaim ; prólogo del Prof. D. Antonio Piga. |
| 250 ## - MENCION DE EDICION | |
| Mención de edición | 1ª ed. |
| 260 ## - PUBLICACIÓN, DISTRIBUCIÓN, ETC. | |
| Lugar de publicación, distribución, etc. | Madrid : |
| Nombre del editor, distribuidor, etc. | Morata, |
| Fecha de publicación, distribución, etc. | 1942. |
| 300 ## - DESCRIPCIÓN FÍSICA | |
| Extensión | 190 p. 8 láms. : |
| Otras características físicas | il ; |
| Dimensiones | 24 cm. |
| 700 1# - ENTRADA AGREGADA--NOMBRE PERSONAL | |
| Nombre de persona | Bastero Beriguistaim, José Mª. |
| 9 (RLIN) | 26350 |
| 700 0# - ENTRADA AGREGADA--NOMBRE PERSONAL | |
| Nombre de persona | Piga y Pascual, Antonio. |
| 9 (RLIN) | 91988 |
| 852 ## - LOCALIZACIÓN | |
| Ubicación | ES-MaACL |
| Número de control de estantería | D-7553 |
| Sublocalización o colección | R.30596 |
| Estatus retirado | Estado de pérdida | Estado de daño | No para préstamo | Biblioteca de origen | Biblioteca actual | Ubicación en estantería | Fecha de adquisición | Fuente de adquisición | Total de préstamos | Signatura topográfica completa | Código de barras | Visto por última vez | Precio de reemplazo | Tipo de ítem Koha |
|---|---|---|---|---|---|---|---|---|---|---|---|---|---|---|
| Biblioteca del Ateneo de Madrid | Biblioteca del Ateneo de Madrid | Sala Valle Inclán | 17/01/2008 | D-7553 | 901123498 | 23/02/2023 | 23/02/2023 | Libro impreso |
